In place Valparaíso

Պահպանված է:
Մատենագիտական մանրամասներ
Հիմնական հեղինակ: Kahn, Jason (autor)
Այլ հեղինակներ: Ríos Zunino, Rodrigo (traducción)
Ձևաչափ: Անհայտ
Հրապարակվել է: Valparaíso, Chile: Tsonami Ediciones, 2023.
Հրատարակություն:Primera edición.
Խորագրեր:
Ցուցիչներ: Ավելացրեք ցուցիչ
Չկան պիտակներ, Եղեք առաջինը, ով նշում է այս գրառումը!

MARC

LEADER 00000 a2200000 4500
003 CL-VaPUC
005 20240418114227.0
008 240410t2023 ||||| |||| 00| 0 eng d
999 |c 443440  |d 443438 
020 |a  978-956-09669-3-3 
040 |c Pontificia Universidad Católica de Valparaíso 
082 7 |2 22  |a 701.03 KAH 2023 
100 |a Kahn, Jason  |9 888282  |e autor 
245 |a In place Valparaíso 
250 |a Primera edición. 
260 |a Valparaíso, Chile:  |b Tsonami Ediciones,  |c 2023. 
300 |a 94 páginas español, 90 páginas inglés. 
546 |a Español, Inglés. 
583 |k Catalogador Asistente  |c 20240410 
650 0 |9 888283  |a Arte como inversión  |v Estallido social  |y 2019  |z Valparaíso (Chile) 
650 0 |9 859036  |a Estallido social  |v Intervencion artistica  |y 2019  |z Valparaíso (Chile) 
700 |9 888284  |a Ríos Zunino, Rodrigo  |e traducción 
942 |2 ddc  |c BK 
952 |0 0  |1 0  |2 ddc  |4 0  |6 701_030000000000000_KAH_2023  |7 0  |8 A  |9 593978  |a BIBART  |b BIBART  |d 2024-04-04  |e 181  |g 12000.00  |i 5660619  |o 701.03 KAH 2023  |p 5660619  |r 2025-03-13  |t 1  |v 12000.00  |w 2024-04-04  |y BK  |k ART